[Event "GER-chT U20 Girls"]
[Site "Muenster"]
[Date "2022.12.29"]
[Round "5"]
[White "Tabakh, Najat"]
[Black "Klahold, Rona"]
[Result "0-1"]
[WhiteElo "1330"]
[BlackElo "1553"]
[PlyCount "50"]
[EventDate "2022.12.26"]
[EventType "team-swiss"]
[EventRounds "7"]
[EventCountry "GER"]
[SourceTitle "CBM 212 Extra"]
[Source "ChessBase"]
[SourceDate "2023.03.31"]
[SourceVersion "1"]
[SourceVersionDate "2023.03.31"]
[SourceQuality "1"]
[WhiteTeam "Bad Oldesloe"]
[BlackTeam "Porta Westfalica"]
[WhiteTeamCountry "GER"]
[BlackTeamCountry "GER"]

1. e4 e5 2. Nf3 Nc6 3. c3 Nf6 4. d4 exd4 5. e5 Nd5 6. cxd4 Bb4+ 7. Bd2 Bxd2+ 8. Qxd2 d6 9. Bc4 Nce7 10. Nc3 Nxc3 11. Qxc3 d5 12. Bb3 0-0 13. 0-0 c6 14. Bc2 f6 15. exf6 Rxf6 16. Rfe1 Bg4 17. Ne5 Bf5 18. Bxf5 Nxf5 19. Rad1 Qd6 20. Rd3 Re8 21. Ng4 Rxe1+ 22. Qxe1 Re6 23. Qc1 Qb4 24. Kf1 Nxd4 25. Re3 Qb5+ 0-1

[Event "GER-ch U16 Girls"]
[Site "Willingen"]
[Date "2020.10.23"]
[Round "6"]
[White "Klahold, Rona"]
[Black "Schwegler, Jelena"]
[Result "1-0"]
[WhiteElo "1551"]
[BlackElo "1539"]
[PlyCount "88"]
[EventDate "2020.10.19"]
[EventType "swiss"]
[EventRounds "7"]
[EventCountry "GER"]
[SourceTitle "EXT 2022"]
[Source "ChessBase"]
[SourceDate "2021.10.06"]
[SourceVersion "1"]
[SourceVersionDate "2021.10.06"]
[SourceQuality "1"]

1. d4 Nf6 2. Nf3 g6 3. Bf4 d5 4. e3 Bg7 5. Nbd2 0-0 6. Be2 Bf5 7. Ne5 Nc6 8. Nxc6 bxc6 9. g4 Bd7 10. g5 Ne8 11. h4 Rb8 12. Nb3 Nd6 13. h5 Bf5 14. Bd3 Qc8 15. hxg6 Bxg6 16. Ke2 Qg4+ 17. Ke1 Qxd1+ 18. Kxd1 Rfe8 19. Rb1 e5 20. dxe5 Bxe5 21. Bxe5 Rxe5 22. Rg1 Nb5 23. Kd2 Nd6 24. Nc5 Re7 25. Rg4 Rbe8 26. Ra4 Bxd3 27. cxd3 Nb5 28. d4 Kg7 29. Ra6 Kg6 30. Rg1 f6 31. Rxc6 Nd6 32. gxf6+ Kxf6 33. Na6 Rc8 34. Rgc1 Kf5 35. b3 Ne8 36. f3 h5 37. Rg1 Nd6 38. Nb4 h4 39. Nxd5 Rh7 40. e4+ Ke6 41. Rg6+ Kd7 42. Nf6+ Kxc6 43. Nxh7 Kd7 44. Rh6 Rb8 1-0

[Event "DSOL 07 Liga Gr-D 1st"]
[Site "Playchess.com INT"]
[Date "2020.07.23"]
[Round "5.3"]
[White "Dralle, Hannes"]
[Black "Klahold, Rona"]
[Result "1-0"]
[WhiteElo "1564"]
[BlackElo "1552"]
[PlyCount "69"]
[EventDate "2020.06.22"]
[EventType "team-tourn (rapid)"]
[EventCountry "GER"]
[SourceTitle "EXT 2021"]
[Source "ChessBase"]
[SourceDate "2020.10.23"]
[SourceVersion "1"]
[SourceVersionDate "2020.10.23"]
[SourceQuality "1"]
[WhiteTeam "Lachendorf"]
[BlackTeam "Paderborn Blauer Springer III"]
[WhiteTeamCountry "GER"]
[BlackTeamCountry "GER"]

1. e4 e5 2. f4 exf4 3. Nf3 Bc5 4. d4 Bb6 5. Bxf4 d5 6. exd5 Qxd5 7. Nc3 Qd8 8. Bc4 Bg4 9. Bxf7+ Kf8 10. Bb3 Bxf3 11. Qxf3 Nf6 12. 0-0-0 Nc6 13. Kb1 Na5 14. Be6 Nc6 15. Rhf1 Qe7 16. Qh3 Nxd4 17. Bc4 Qc5 18. Qd3 Nc6 19. Nd5 Qd4 20. Qxd4 Bxd4 21. Nxc7 Rc8 22. Ne6+ Ke7 23. Nxd4 Nxd4 24. Rxd4 Nh5 25. Re1+ Kf6 26. Be5+ Kf5 27. Bd3+ Kg5 28. h4+ Kh6 29. g4 g5 30. hxg5+ Kxg5 31. Bxh8 Rxh8 32. gxh5 Kxh5 33. Rg1 Re8 34. Re4 Rd8 35. Be2+ 1-0

[Event "GER Pfingstopen U16"]
[Site "Playchess.com INT"]
[Date "2020.06.05"]
[Round "7"]
[White "Stepanjan, Marianne"]
[Black "Klahold, Rona"]
[Result "0-1"]
[WhiteElo "1407"]
[BlackElo "1596"]
[PlyCount "56"]
[EventDate "2020.06.05"]
[EventType "swiss (blitz)"]
[EventRounds "11"]
[EventCountry "GER"]
[SourceTitle "CBM 197 Extra"]
[Source "ChessBase"]
[SourceDate "2020.09.30"]
[SourceVersion "1"]
[SourceVersionDate "2020.09.30"]
[SourceQuality "1"]

1. e4 e5 2. Nf3 Nc6 3. Bb5 Bc5 4. 0-0 d6 5. c3 Bd7 6. d4 exd4 7. cxd4 Bb6 8. Nc3 Nf6 9. Bg5 h6 10. Bh4 g5 11. Bg3 Qe7 12. e5 dxe5 13. dxe5 Ng4 14. Nd4 Nxd4 15. Bxd7+ Qxd7 16. Re1 0-0-0 17. Rc1 Nc6 18. Qc2 Qd2 19. Qb3 Bxf2+ 20. Bxf2 Qxf2+ 21. Kh1 Qd4 22. Rcd1 Nf2+ 23. Kg1 Nxd1+ 24. Kh1 Nf2+ 25. Kg1 Nd3+ 26. Kh1 Nxe1 27. Qxf7 Rhf8 28. Qe6+ Kb8 0-1

[Event "GER-chT U14 Girls"]
[Site "Neumuenster"]
[Date "2018.12.29"]
[Round "6.2"]
[White "Irrgang, Natascha"]
[Black "Klahold, Rona"]
[Result "0-1"]
[WhiteElo "1164"]
[BlackElo "1355"]
[PlyCount "106"]
[EventDate "2018.12.27"]
[EventType "team-swiss"]
[EventRounds "7"]
[EventCountry "GER"]
[SourceTitle "CBM 188 Extra"]
[Source "ChessBase"]
[SourceDate "2019.02.26"]
[SourceVersion "1"]
[SourceVersionDate "2019.02.26"]
[SourceQuality "1"]
[WhiteTeam "Hofheim"]
[BlackTeam "Guetersloh"]
[WhiteTeamCountry "GER"]
[BlackTeamCountry "GER"]

1. e4 e5 2. Nf3 Nc6 3. d4 exd4 4. Nxd4 Nxd4 5. Qxd4 Ne7 6. Nc3 Nc6 7. Qe3 Bb4 8. Bd2 d6 9. Bc4 Be6 10. Be2 Bc5 11. Qg3 Qf6 12. Rf1 Nd4 13. Bd3 h6 14. f4 Qg6 15. Qxg6 fxg6 16. e5 Bf5 17. 0-0-0 0-0-0 18. Be3 dxe5 19. Bxf5+ gxf5 20. fxe5 Ne2+ 21. Nxe2 Bxe3+ 22. Kb1 Rhe8 23. Rxd8+ Rxd8 24. a3 g6 25. g3 Rd2 26. Nf4 Bxf4 27. Rxf4 Rxh2 28. g4 Rh4 29. Kc1 Rxg4 30. Rf2 Kd7 31. Re2 Re4 32. Kd2 Rxe2+ 33. Kxe2 Ke6 34. Kf3 Kxe5 35. Kg3 f4+ 36. Kf3 g5 37. Kf2 g4 38. Kg2 f3+ 39. Kf2 Kf4 40. Kf1 g3 41. Ke1 f2+ 42. Ke2 Ke4 43. b4 h5 44. c4 h4 45. c5 h3 46. Kd2 f1Q 47. Kc3 Qd3+ 48. Kb2 Ke3 49. c6 bxc6 50. b5 Kd2 51. bxc6 Qc2+ 52. Ka1 Kc3 53. a4 Qb2# 0-1